Представление документа в формате RUSMARC

ПолеНазваниеЗначение
  Тип записи c
  Библиографический уровень m
001 Контрольный номер RU/IS/BASE/513430634
005 Дата корректировки 20250325103620.4
010 Индекс ISBN __
9 Тираж 50000 экз.
013 Номер (ISMN) __
d Цена 1 р. 8 к.
100 Данные общей обработки __
a Данные общей обработки 20160408d1962 u y0rusy0189 ca
101 Язык документа 0_
a Язык текста rus
f Язык титульного листа rus
102 Страна публикации __
a Страна публикации RU
105 Кодированные данные (монография) __
a Кодированные данные (монография) y###||||000|y
125 Кодированные данные звукозаписи и нотных изданий __
a Форма изложения нотного текста с|
128 Кодированные данные (звукозаписи-физические характеристики) __
a Кодированные данные: Музыкальная форма и тональность или лад zz
b Инструменты или голоса, необходимые для ансамблей (устаревшее) kt||
c Инструменты или голоса, рекомендуемые для солистов (устаревшее) kt||
200 Заглавие и сведения об ответственности 1_
a Заглавие Вып. 12
e Сведения, относящиеся к заглавию сб. произведений для баяна [ансамблей баянов]
210 Выходные данные 1_
d Дата издания 1962
215 Физическое описание __
a Объем 140 с.
327 Примечание о содержании 11
a Примечание о содержании Содерж. : Шостакович Д. Лирический вальс. - Хачатурян К. Полька ; Вальс. - Хренников Т. Московские окна. - Островский А. Лунной тропой : из муз. к спектаклю "Если в сердце весна" ; Липси. - Бабаджанян А. По ночной Москве. - Эшпай А. Снег идет : из кф. "Карьера Димы Горина". - Цфасман А. Танго : из кф. "За витриной универмага" ; Лирическая мелодия : медлен. фокстрот. - Львов-Компанеец Д. Веселый жонглер : фокстрот ; Кипарис : медлен. фокстрот. - Кадомцев М. Элегия. - Выставкин Е. Подмосковная полька ; Спортивный танец. - Чернышев В. Звезды : лирич. вальс. - Корнев В. Виртуоз : интермеццо. - Карамышев Б. У реки : русский бальный. - Ильин И. Первая встреча : воронежский бальный ; Злата Прага : чеш. полька. - Компанеец З. Быстрый польский. - Минх Н. Дружба. - Дубянски Р. Липси. - Бинкин З. Университетский вальс ; Весной : прогулка. - Макаров Е. Голубые глаза : вальс. - Петров Б. Полька-кадриль. - Салиман-Владимиров Д. Качели : вальс. - Речменский Н. Лёнька : полька. - Шпильман В. Красный автобус. - Ежек Я. Серенада. - Малыш : итал. песня. - Ночная серенада. - Ноктюрн.
461 Уровень набора _0
1 001RU/IS/BASE/513343390
1 200
a Играй, мой баян
b [Ноты]
v Вып. 12
1 210
a М.
c Воениздат
d [1956] -
464 Аналитический уровень _0
1 2001
a Лирический вальс
1 700 1
a Шостакович
b Д.
464 Аналитический уровень _0
1 2001
a Полька
1 700 1
a Хачатурян
b К.
464 Аналитический уровень _0
1 2001
a Вальс
1 700 1
a Хачатурян
b К.
464 Аналитический уровень _0
1 2001
a Московские окна
1 700 1
a Хренников
b Т.
464 Аналитический уровень _0
1 2001
a Лунной тропой
e из муз. к спектаклю "Если в сердце весна"
1 700 1
a Островский
b А.
1 50010
a Если в сердце весна
464 Аналитический уровень _0
1 2001
a Липси
1 700 1
a Островский
b А.
464 Аналитический уровень _0
1 2001
a По ночной Москве
1 700 1
a Бабаджанян
b А.
464 Аналитический уровень _0
1 2001
a Снег идет
e из кф. "Карьера Димы Горина"
1 700 1
a Эшпай
b А.
1 50010
a Карьера Димы Горина
464 Аналитический уровень _0
1 2001
a Танго
e из кф. "За витриной универмага"
1 700 1
a Цфасман
b А.
1 50010
a За витриной универмага
464 Аналитический уровень _0
1 2001
a Лирическая мелодия
e медлен. фокстрот
1 700 1
a Цфасман
b А.
464 Аналитический уровень _0
1 2001
a Веселый жонглер
e фокстрот
1 700 1
a Львов-Компанеец
b Д.
464 Аналитический уровень _0
1 2001
a Элегия
1 700 1
a Кадомцев
b М.
464 Аналитический уровень _0
1 2001
a Подмосковная полька
1 700 1
a Выставкин
b Е.
464 Аналитический уровень _0
1 2001
a Спортивный танец
1 700 1
a Выставкин
b Е.
464 Аналитический уровень _0
1 2001
a Звезды
e лирич. вальс
1 700 1
a Чернышев
b В.
464 Аналитический уровень _0
1 2001
a Звезды
e лирич. вальс
1 700 1
a Чернышев
b В.
464 Аналитический уровень _0
1 2001
a Виртуоз
e интермеццо
1 700 1
a Корнев
b В.
464 Аналитический уровень _0
1 2001
a У реки
e русский бальный
1 700 1
a Карамышев
b Б.
464 Аналитический уровень _0
1 2001
a Первая встреча
e воронежский бальный
1 700 1
a Ильин
b И.
464 Аналитический уровень _0
1 2001
a Злата Прага
e чеш. полька
1 700 1
a Ильин
b И.
464 Аналитический уровень _0
1 2001
a Быстрый польский
1 700 1
a Компанеец
b З.
464 Аналитический уровень _0
1 2001
a Дружба
1 700 1
a Минх
b Н.
464 Аналитический уровень _0
1 2001
a Липси
1 700 1
a Дубянски
b Р.
464 Аналитический уровень _0
1 2001
a Университетский вальс
1 700 1
a Бинкин
b З.
464 Аналитический уровень _0
1 2001
a Весной
e прогулка
1 700 1
a Бинкин
b З.
464 Аналитический уровень _0
1 2001
a Голубые глаза
e вальс
1 700 1
a Макаров
b Е.
464 Аналитический уровень _0
1 2001
a Полька-кадриль
1 700 1
a Петров
b Б.
464 Аналитический уровень _0
1 2001
a Качели
e вальс
1 700 1
a Салиман-Владимиров
b Д.
464 Аналитический уровень _0
1 2001
a Лёнька
e полька
1 700 1
a Речменский
b Н.
464 Аналитический уровень _0
1 2001
a Красный автобус
1 700 1
a Шпильман
b В.
464 Аналитический уровень _0
1 2001
a Серенада
1 700 1
a Ежек
b Я.
464 Аналитический уровень _0
1 2001
a Малыш
e итал. песня
464 Аналитический уровень _0
1 2001
a Ночная серенада
464 Аналитический уровень _0
1 2001
a Ноктюрн
512 Заглавие обложки 1_
a Заглавие обложки Играй, мой баян
606 Тематические рубрики 0_
a Основная рубрика Баян
x Основная подрубрика Ансамбли баянов
610 Ключевые слова 0_
a Ключевые слова ансамбли баянов
610 Ключевые слова 0_
a Ключевые слова баян
686 Индексы других классификаций __
a Классификационный индекс 85.952.456я43
a Классификационный индекс 85.954.6я43
2 Код системы rubbk
801 Источник записи _0
a Страна RU
b Организация Ульяновская ОНБ
c Дата составления 20160408
g Правила каталогизации RCR
801 Источник записи _1
a Страна RU
b Организация Ульяновская ОНБ
c Дата составления 20160408
g Правила каталогизации RCR
901 Тип документа __
t Тип документа n
w Контрольный № источника RU/IS/BASE/513343390
909 Создатель записи __
a Создатель записи Никитина Т. А.
910 Корректоры записи __
a Корректор записи Васина
938 Служебная информация __
a Имя БД noti
b Имя библиотеки УОНБ
c Имя АИБС МАРК-SQL
d Номер DOC_ID в БД 14501